Likvidačná agrárna politika vlády

Bibliographic Details
Main Author: Sviteková, Angela (Author)
Format: Article
Language:Slovak
ISSN:1335-4701
Subjects:

MARC

LEADER 00000nab a2200000 a 4500
001 vtls000799164
003 SK-MaSNL
005 20260302155539.0
008 140301c2002 xo 0 slo
015 |a SNBRB2002/07-21868 
035 |a CLN000150819 
040 |a SNKBUCL  |b slo  |c SNKBUCL  |e AACR2 
041 0 |a slo 
044 |a xo  |c SK 
080 |a 338.43(437.6)  |2 1997 
080 |a 338.23(437.6):631  |2 1997 
080 |a 631(437.6)  |2 1997 
100 1 |a Sviteková, Angela  |4 aut  |9 841455 
245 1 0 |a Likvidačná agrárna politika vlády  |c Angela Sviteková 
650 0 7 |a politika agrárna  |z Slovensko  |2 snkbucl  |9 847334 
655 7 |a články z novín a časopisov  |2 snkbucl  |9 267496 
773 0 |t Hospodárske noviny  |g Roč. 10, č. 108 (6.6.2002), s. 5  |x 1335-4701 
850 |a Slovenská národná knižnica v Martine 
852 |a SNK  |b KIS3GCP 
958 |a SK 
992 |a RBX 
999 |c 1371821  |d 1373751